[Event "ODJM C 2023"]
[Site "Willingen GER"]
[Date "2023.05.29"]
[Round "3"]
[White "Gold, Finnja"]
[Black "Dotschuweit, Erik"]
[Result "0-1"]
[Termination "normal"]
[Board "17"]
[WhiteElo "1103"]
[BlackElo "1332"]
[WhiteClock "00:05:16"]
[BlackClock "00:20:44"]
[PlyCount "82"]
[WhiteFideId "34660453"]
[BlackFideId "34610146"]
[EventCountry "GER"]
[EventRounds "9"]
[EventType "swiss"]
[EventDate "2023.05.27"]

1. e4 {[%clk 01:30:57]} {[%emt 00:00:02]} c5 {[%clk 01:30:50]} {[%emt
00:00:11]} 2. c3 {[%clk 01:31:20]} {[%emt 00:00:07]} d6 {[%clk 01:28:24]}
{[%emt 00:02:56]} 3. d4 {[%clk 01:31:30]} {[%emt 00:00:21]} cxd4 {[%clk
01:28:36]} {[%emt 00:00:18]} 4. cxd4 {[%clk 01:31:47]} {[%emt 00:00:12]} Nf6
{[%clk 01:28:49]} {[%emt 00:00:16]} 5. Nc3 {[%clk 01:31:45]} {[%emt 00:00:31]}
g6 {[%clk 01:28:45]} {[%emt 00:00:35]} 6. Nf3 {[%clk 01:30:02]} {[%emt
00:02:13]} Bg7 {[%clk 01:28:51]} {[%emt 00:00:24]} 7. Be2 {[%clk 01:29:48]}
{[%emt 00:00:45]} O-O {[%clk 01:28:48]} {[%emt 00:00:33]} 8. O-O {[%clk
01:29:10]} {[%emt 00:01:07]} Nc6 {[%clk 01:25:40]} {[%emt 00:03:38]} 9. Be3
{[%clk 01:28:33]} {[%emt 00:01:08]} Bd7 {[%clk 01:25:44]} {[%emt 00:00:25]} 10.
d5 {[%clk 01:19:55]} {[%emt 00:09:09]} Nb8 {[%clk 01:14:42]} {[%emt 00:11:31]}
11. Rb1 {[%clk 01:07:00]} {[%emt 00:13:26]} e6 {[%clk 01:02:12]} {[%emt
00:12:59]} 12. Bg5 {[%clk 01:04:45]} {[%emt 00:02:46]} exd5 {[%clk 01:01:09]}
{[%emt 00:01:32]} 13. exd5 {[%clk 01:02:58]} {[%emt 00:02:17]} Bf5 {[%clk
00:59:21]} {[%emt 00:02:16]} 14. Bd3 {[%clk 01:01:38]} {[%emt 00:01:52]} Bxd3
{[%clk 00:58:55]} {[%emt 00:00:56]} 15. Qxd3 {[%clk 01:01:35]} {[%emt
00:00:34]} Nbd7 {[%clk 00:58:57]} {[%emt 00:00:27]} 16. Rfe1 {[%clk 00:56:19]}
{[%emt 00:05:46]} Nc5 {[%clk 00:54:52]} {[%emt 00:04:36]} 17. Qd2 {[%clk
00:53:23]} {[%emt 00:03:25]} Rc8 {[%clk 00:53:28]} {[%emt 00:01:54]} 18. b4
{[%clk 00:43:30]} {[%emt 00:10:24]} Ncd7 {[%clk 00:49:38]} {[%emt 00:04:19]}
19. Ne4 {[%clk 00:35:36]} {[%emt 00:08:24]} Nxe4 {[%clk 00:47:28]} {[%emt
00:02:41]} 20. Rxe4 {[%clk 00:34:58]} {[%emt 00:01:07]} Qb6 {[%clk 00:47:17]}
{[%emt 00:00:41]} 21. Qd1 {[%clk 00:20:17]} {[%emt 00:15:11]} Rc3 {[%clk
00:37:14]} {[%emt 00:10:34]} 22. Be3 {[%clk 00:18:57]} {[%emt 00:01:49]} Qa6
{[%clk 00:35:21]} {[%emt 00:02:24]} 23. b5 {[%clk 00:17:02]} {[%emt 00:02:24]}
Qxa2 {[%clk 00:32:41]} {[%emt 00:03:10]} 24. Ra4 {[%clk 00:16:46]} {[%emt
00:00:47]} Ra3 {[%clk 00:32:11]} {[%emt 00:01:00]} 25. Rbb4 {[%clk 00:14:21]}
{[%emt 00:02:55]} a5 {[%clk 00:31:53]} {[%emt 00:00:47]} 26. Rxa3 {[%clk
00:13:46]} {[%emt 00:01:06]} Qxa3 {[%clk 00:29:17]} {[%emt 00:03:05]} 27. Ra4
{[%clk 00:13:49]} {[%emt 00:00:27]} Qb2 {[%clk 00:26:05]} {[%emt 00:03:42]} 28.
Rxa5 {[%clk 00:13:04]} {[%emt 00:01:15]} b6 {[%clk 00:23:52]} {[%emt 00:02:42]}
29. Ra7 {[%clk 00:12:34]} {[%emt 00:01:02]} Qxb5 {[%clk 00:23:45]} {[%emt
00:00:36]} 30. Nd4 {[%clk 00:11:32]} {[%emt 00:01:33]} Bxd4 {[%clk 00:22:57]}
{[%emt 00:01:17]} 31. Bxd4 {[%clk 00:11:40]} {[%emt 00:00:23]} Nc5 {[%clk
00:22:54]} {[%emt 00:00:33]} 32. g3 {[%clk 00:09:59]} {[%emt 00:02:11]} Nb3
{[%clk 00:21:06]} {[%emt 00:02:18]} 33. Rb7 {[%clk 00:08:56]} {[%emt 00:01:33]}
Qxd5 {[%clk 00:20:43]} {[%emt 00:00:52]} 34. Rxb6 {[%clk 00:08:05]} {[%emt
00:01:22]} Nxd4 {[%clk 00:19:39]} {[%emt 00:01:33]} 35. Qg4 {[%clk 00:05:23]}
{[%emt 00:03:12]} Nf3+ {[%clk 00:19:41]} {[%emt 00:00:28]} 36. Kg2 {[%clk
00:04:46]} {[%emt 00:01:08]} Ne5+ {[%clk 00:19:54]} {[%emt 00:00:16]} 37. Qf3
{[%clk 00:04:50]} {[%emt 00:00:26]} Qxf3+ {[%clk 00:20:08]} {[%emt 00:00:17]}
38. Kg1 {[%clk 00:04:55]} {[%emt 00:00:24]} Ng4 {[%clk 00:20:23]} {[%emt
00:00:15]} 39. Rb2 {[%clk 00:05:12]} {[%emt 00:00:14]} Rc8 {[%clk 00:20:41]}
{[%emt 00:00:12]} 40. Re2 {[%clk 00:04:56]} {[%emt 00:00:47]} Rc1+ {[%clk
00:20:57]} {[%emt 00:00:13]} 41. Re1 {[%clk 00:05:16]} {[%emt 00:00:10]} Rxe1#
{[%clk 00:20:44]} {[%emt 00:00:12]} 0-1

[Event "ODJM C 2023"]
[Site "Willingen GER"]
[Date "2023.05.29"]
[Round "3"]
[White "Kunst, Jannis"]
[Black "Blome, Antonia"]
[Result "1/2-1/2"]
[Termination "normal"]
[Board "18"]
[WhiteElo "1364"]
[BlackElo "1099"]
[WhiteClock "00:30:04"]
[BlackClock "01:03:48"]
[PlyCount "77"]
[WhiteFideId "16299710"]
[BlackFideId "34630090"]
[EventCountry "GER"]
[EventRounds "9"]
[EventType "swiss"]
[EventDate "2023.05.27"]

1. d4 {[%clk 01:30:59]} d5 {[%clk 01:30:51]} {[%emt 00:00:09]} 2. c4 {[%clk
01:31:28]} {[%emt 00:00:03]} dxc4 {[%clk 01:31:15]} {[%emt 00:00:05]} 3. e3
{[%clk 01:31:50]} {[%emt 00:00:08]} Nf6 {[%clk 01:29:02]} {[%emt 00:02:43]} 4.
Bxc4 {[%clk 01:32:12]} {[%emt 00:00:08]} e6 {[%clk 01:28:54]} {[%emt 00:00:38]}
5. Nf3 {[%clk 01:32:26]} {[%emt 00:00:15]} c5 {[%clk 01:28:03]} {[%emt
00:01:22]} 6. O-O {[%clk 01:31:41]} {[%emt 00:01:15]} Be7 {[%clk 01:28:03]}
{[%emt 00:00:30]} 7. Nc3 {[%clk 01:31:59]} {[%emt 00:00:12]} a6 {[%clk
01:26:55]} {[%emt 00:01:38]} 8. a4 {[%clk 01:32:07]} {[%emt 00:00:22]} O-O
{[%clk 01:27:06]} {[%emt 00:00:19]} 9. Qe2 {[%clk 01:32:23]} {[%emt 00:00:13]}
cxd4 {[%clk 01:25:06]} {[%emt 00:02:30]} 10. Nxd4 {[%clk 01:32:27]} {[%emt
00:00:26]} Bc5 {[%clk 01:23:43]} {[%emt 00:01:45]} 11. Rd1 {[%clk 01:32:40]}
{[%emt 00:00:26]} Qc7 {[%clk 01:23:42]} {[%emt 00:00:27]} 12. Nb3 {[%clk
01:25:20]} {[%emt 00:07:53]} Be7 {[%clk 01:21:22]} {[%emt 00:02:46]} 13. e4
{[%clk 01:24:57]} {[%emt 00:00:58]} Nbd7 {[%clk 01:21:05]} {[%emt 00:00:45]}
14. Be3 {[%clk 01:12:57]} {[%emt 00:12:32]} Nb6 {[%clk 01:18:10]} {[%emt
00:03:17]} 15. Bxb6 {[%clk 01:12:08]} {[%emt 00:01:26]} Qxb6 {[%clk 01:18:29]}
{[%emt 00:00:11]} 16. e5 {[%clk 01:11:48]} {[%emt 00:00:50]} Nd7 {[%clk
01:18:03]} {[%emt 00:00:48]} 17. a5 {[%clk 01:09:52]} {[%emt 00:02:35]} Qc7
{[%clk 01:18:04]} {[%emt 00:00:24]} 18. f4 {[%clk 01:05:25]} {[%emt 00:05:01]}
Nc5 {[%clk 01:17:06]} {[%emt 00:01:28]} 19. Ne4 {[%clk 01:03:43]} {[%emt
00:02:12]} Nxb3 {[%clk 01:14:49]} {[%emt 00:02:47]} 20. Bxb3 {[%clk 01:04:06]}
{[%emt 00:00:08]} Rd8 {[%clk 01:14:24]} {[%emt 00:00:52]} 21. Rdc1 {[%clk
00:59:06]} {[%emt 00:05:32]} Qd7 {[%clk 01:12:53]} {[%emt 00:01:56]} 22. Rd1
{[%clk 00:57:18]} {[%emt 00:02:24]} Qc7 {[%clk 01:13:01]} {[%emt 00:00:20]} 23.
Qc2 {[%clk 00:54:21]} {[%emt 00:03:25]} Qxc2 {[%clk 01:13:08]} {[%emt
00:00:26]} 24. Bxc2 {[%clk 00:54:49]} {[%emt 00:00:02]} Bd7 {[%clk 01:12:42]}
{[%emt 00:00:56]} 25. Nd6 {[%clk 00:54:33]} {[%emt 00:00:47]} Bc6 {[%clk
01:12:51]} {[%emt 00:00:21]} 26. Bb3 {[%clk 00:53:22]} {[%emt 00:01:41]} g6
{[%clk 01:11:34]} {[%emt 00:01:47]} 27. Rac1 {[%clk 00:48:54]} {[%emt
00:04:57]} Rd7 {[%clk 01:10:55]} {[%emt 00:01:06]} 28. Rc2 {[%clk 00:48:03]}
{[%emt 00:01:24]} Bd8 {[%clk 01:09:43]} {[%emt 00:01:42]} 29. Rc5 {[%clk
00:47:23]} {[%emt 00:01:05]} Bc7 {[%clk 01:07:50]} {[%emt 00:02:28]} 30. Nxb7
{[%clk 00:40:27]} {[%emt 00:07:26]} Rxd1+ {[%clk 01:07:11]} {[%emt 00:01:09]}
31. Bxd1 {[%clk 00:40:50]} {[%emt 00:00:08]} Bxb7 {[%clk 01:06:00]} {[%emt
00:01:41]} 32. Rxc7 {[%clk 00:41:18]} {[%emt 00:00:02]} Bd5 {[%clk 01:06:01]}
{[%emt 00:00:29]} 33. Be2 {[%clk 00:40:47]} {[%emt 00:01:00]} Kg7 {[%clk
01:05:50]} {[%emt 00:00:41]} 34. Kf2 {[%clk 00:40:49]} {[%emt 00:00:19]} Rb8
{[%clk 01:05:40]} {[%emt 00:00:49]} 35. Rc2 {[%clk 00:39:09]} {[%emt 00:02:10]}
Rb4 {[%clk 01:04:36]} {[%emt 00:01:35]} 36. g3 {[%clk 00:38:09]} {[%emt
00:01:30]} Bb7 {[%clk 01:03:49]} {[%emt 00:01:16]} 37. Rc7 {[%clk 00:31:03]}
{[%emt 00:07:35]} Rxb2 {[%clk 01:03:40]} {[%emt 00:00:41]} 38. Ke3 {[%clk
00:30:03]} {[%emt 00:01:31]} Rb3+ {[%clk 01:03:48]} {[%emt 00:00:22]} 39. Kf2
{[%clk 00:30:04]} {[%emt 00:00:29]} 1/2-1/2

[Event "ODJM C 2023"]
[Site "Willingen GER"]
[Date "2023.05.29"]
[Round "3"]
[White "Finck, Julius"]
[Black "Schwedhelm, Dennis"]
[Result "0-1"]
[Termination "normal"]
[Board "19"]
[WhiteElo "1071"]
[BlackElo "1373"]
[WhiteClock "00:31:49"]
[BlackClock "00:52:22"]
[PlyCount "48"]
[WhiteFideId "34660429"]
[BlackFideId "16228995"]
[EventCountry "GER"]
[EventRounds "9"]
[EventType "swiss"]
[EventDate "2023.05.27"]

1. d4 {[%clk 01:29:10]} {[%emt 00:00:02]} d6 {[%clk 01:30:57]} {[%emt
00:01:51]} 2. Bf4 {[%clk 01:29:12]} {[%emt 00:00:22]} g6 {[%clk 01:31:18]}
{[%emt 00:00:15]} 3. e3 {[%clk 01:29:24]} {[%emt 00:00:17]} Bg7 {[%clk
01:31:37]} {[%emt 00:00:11]} 4. c3 {[%clk 01:29:13]} {[%emt 00:00:42]} f5
{[%clk 01:31:38]} {[%emt 00:00:29]} 5. Nd2 {[%clk 01:28:44]} {[%emt 00:00:58]}
Nd7 {[%clk 01:31:29]} {[%emt 00:00:39]} 6. Ngf3 {[%clk 01:27:50]} {[%emt
00:01:24]} Ngf6 {[%clk 01:31:08]} {[%emt 00:00:52]} 7. h3 {[%clk 01:22:08]}
{[%emt 00:06:12]} c6 {[%clk 01:30:42]} {[%emt 00:00:55]} 8. Be2 {[%clk
01:17:20]} {[%emt 00:05:19]} b5 {[%clk 01:30:17]} {[%emt 00:00:55]} 9. O-O
{[%clk 01:16:00]} {[%emt 00:01:51]} Nb6 {[%clk 01:28:13]} {[%emt 00:02:33]} 10.
Qb3 {[%clk 01:11:30]} {[%emt 00:04:54]} a5 {[%clk 01:27:49]} {[%emt 00:01:01]}
11. a3 {[%clk 01:10:54]} {[%emt 00:01:05]} a4 {[%clk 01:24:44]} {[%emt
00:03:36]} 12. Qa2 {[%clk 01:09:33]} {[%emt 00:01:49]} h6 {[%clk 01:22:10]}
{[%emt 00:03:06]} 13. Bd3 {[%clk 01:07:21]} {[%emt 00:02:40]} Nfd7 {[%clk
01:20:40]} {[%emt 00:02:02]} 14. g4 {[%clk 01:07:05]} {[%emt 00:00:44]} Nf8
{[%clk 01:16:49]} {[%emt 00:04:23]} 15. Qb1 {[%clk 01:02:11]} {[%emt 00:05:25]}
Qd7 {[%clk 01:11:48]} {[%emt 00:05:30]} 16. Nh2 {[%clk 00:59:20]} {[%emt
00:03:21]} e5 {[%clk 01:06:16]} {[%emt 00:06:02]} 17. Bg3 {[%clk 00:58:49]}
{[%emt 00:01:00]} e4 {[%clk 01:06:13]} {[%emt 00:00:34]} 18. Be2 {[%clk
00:58:23]} {[%emt 00:00:52]} Qf7 {[%clk 01:04:08]} {[%emt 00:02:39]} 19. Qd1
{[%clk 00:51:24]} {[%emt 00:07:23]} Qf6 {[%clk 00:59:33]} {[%emt 00:05:10]} 20.
gxf5 {[%clk 00:49:16]} {[%emt 00:02:38]} Bxf5 {[%clk 00:58:51]} {[%emt
00:01:13]} 21. Ng4 {[%clk 00:47:56]} {[%emt 00:01:50]} Qe6 {[%clk 00:57:24]}
{[%emt 00:01:57]} 22. f4 {[%clk 00:38:37]} {[%emt 00:09:48]} h5 {[%clk
00:56:00]} {[%emt 00:02:39]} 23. Nf2 {[%clk 00:37:53]} {[%emt 00:01:12]} Nd5
{[%clk 00:54:51]} {[%emt 00:01:40]} 24. Kh2 {[%clk 00:31:49]} {[%emt 00:06:34]}
Nxe3 {[%clk 00:52:22]} {[%emt 00:02:59]} 0-1

[Event "ODJM C 2023"]
[Site "Willingen GER"]
[Date "2023.05.29"]
[Round "3"]
[White "Moissl, Felix"]
[Black "Reh, Krispin"]
[Result "0-1"]
[Termination "normal"]
[Board "21"]
[WhiteElo "1390"]
[BlackElo "1083"]
[WhiteClock "00:58:01"]
[BlackClock "00:25:37"]
[PlyCount "50"]
[WhiteFideId "34623574"]
[BlackFideId "16299205"]
[EventCountry "GER"]
[EventRounds "9"]
[EventType "swiss"]
[EventDate "2023.05.27"]

1. e4 {[%clk 01:30:59]} c6 {[%clk 01:30:55]} {[%emt 00:00:05]} 2. d4 {[%clk
01:31:24]} {[%emt 00:00:06]} d5 {[%clk 01:31:18]} {[%emt 00:00:07]} 3. exd5
{[%clk 01:30:32]} {[%emt 00:01:22]} cxd5 {[%clk 01:31:40]} {[%emt 00:00:06]} 4.
Nc3 {[%clk 01:30:35]} {[%emt 00:00:29]} Nf6 {[%clk 01:31:54]} {[%emt 00:00:16]}
5. Nf3 {[%clk 01:30:41]} {[%emt 00:00:24]} Bf5 {[%clk 01:32:12]} {[%emt
00:00:10]} 6. g3 {[%clk 01:30:43]} {[%emt 00:00:31]} e6 {[%clk 01:32:10]}
{[%emt 00:00:31]} 7. a3 {[%clk 01:30:48]} {[%emt 00:00:26]} Bd6 {[%clk
01:32:12]} {[%emt 00:00:27]} 8. Bg2 {[%clk 01:31:07]} {[%emt 00:00:12]} O-O
{[%clk 01:32:06]} {[%emt 00:00:35]} 9. O-O {[%clk 01:30:46]} {[%emt 00:00:52]}
h6 {[%clk 01:32:18]} {[%emt 00:00:18]} 10. Be3 {[%clk 01:29:58]} {[%emt
00:01:19]} Nbd7 {[%clk 01:30:28]} {[%emt 00:02:19]} 11. Nd2 {[%clk 01:27:40]}
{[%emt 00:02:48]} Rc8 {[%clk 01:25:32]} {[%emt 00:05:26]} 12. Rc1 {[%emt
00:02:37]} a6 {[%clk 01:16:13]} {[%emt 00:09:47]} 13. Na4 {[%clk 01:19:57]}
{[%emt 00:06:09]} Re8 {[%clk 01:02:16]} {[%emt 00:14:27]} 14. c4 {[%clk
01:15:41]} {[%emt 00:04:46]} Bd3 {[%clk 00:53:13]} {[%emt 00:09:32]} 15. Re1
{[%clk 01:14:18]} {[%emt 00:01:54]} Rc7 {[%clk 00:45:46]} {[%emt 00:07:56]} 16.
c5 {[%clk 01:12:54]} {[%emt 00:01:56]} Be7 {[%clk 00:45:06]} {[%emt 00:01:10]}
17. Nf3 {[%clk 01:08:24]} {[%emt 00:05:00]} Bb5 {[%clk 00:43:54]} {[%emt
00:01:42]} 18. Nc3 {[%clk 01:07:39]} {[%emt 00:01:15]} Ne4 {[%clk 00:39:54]}
{[%emt 00:04:30]} 19. Nxb5 {[%clk 01:06:21]} {[%emt 00:01:47]} axb5 {[%clk
00:40:06]} {[%emt 00:00:17]} 20. Qb3 {[%clk 01:05:52]} {[%emt 00:00:58]} b6
{[%clk 00:31:53]} {[%emt 00:08:45]} 21. c6 {[%clk 01:03:22]} {[%emt 00:03:00]}
Ndf6 {[%clk 00:25:55]} {[%emt 00:06:27]} 22. Qxb5 {[%clk 01:03:11]} {[%emt
00:00:41]} Qb8 {[%clk 00:26:00]} {[%emt 00:00:26]} 23. Bf4 {[%clk 01:00:18]}
{[%emt 00:03:22]} Nd6 {[%clk 00:26:07]} {[%emt 00:00:22]} 24. Rc3 {[%clk
00:59:16]} {[%emt 00:01:32]} Nxb5 {[%clk 00:25:48]} {[%emt 00:00:49]} 25. Bxc7
{[%clk 00:58:01]} {[%emt 00:01:45]} Qxc7 {[%clk 00:25:37]} {[%emt 00:00:41]}
0-1

[Event "ODJM C 2023"]
[Site "Willingen GER"]
[Date "2023.05.29"]
[Round "3"]
[White "Hasselmann, Isabelle Sophia"]
[Black "Claussen, Daniela"]
[Result "0-1"]
[Termination "normal"]
[Board "22"]
[WhiteElo "1110"]
[BlackElo "1043"]
[WhiteClock "00:58:55"]
[BlackClock "01:01:02"]
[PlyCount "62"]
[WhiteFideId "16266951"]
[BlackFideId "16248929"]
[EventCountry "GER"]
[EventRounds "9"]
[EventType "swiss"]
[EventDate "2023.05.27"]

1. e4 {[%clk 01:30:58]} {[%emt 00:00:01]} e6 {[%clk 01:30:57]} {[%emt
00:00:04]} 2. d4 {[%clk 01:31:23]} {[%emt 00:00:05]} b6 {[%clk 01:31:22]}
{[%emt 00:00:05]} 3. Nf3 {[%clk 01:31:47]} {[%emt 00:00:05]} Bb7 {[%clk
01:31:45]} {[%emt 00:00:07]} 4. Bd3 {[%clk 01:32:10]} {[%emt 00:00:07]} Nf6
{[%clk 01:32:06]} {[%emt 00:00:09]} 5. Bg5 {[%clk 01:32:31]} {[%emt 00:00:09]}
Be7 {[%clk 01:32:11]} {[%emt 00:00:26]} 6. O-O {[%clk 01:32:42]} {[%emt
00:00:18]} Nxe4 {[%clk 01:32:28]} {[%emt 00:00:13]} 7. Bxe7 {[%clk 01:33:00]}
{[%emt 00:00:13]} Qxe7 {[%clk 01:32:51]} {[%emt 00:00:07]} 8. Bxe4 {[%clk
01:33:14]} {[%emt 00:00:15]} Bxe4 {[%clk 01:33:14]} {[%emt 00:00:07]} 9. Re1
{[%clk 01:33:23]} {[%emt 00:00:21]} Bb7 {[%clk 01:33:33]} {[%emt 00:00:12]} 10.
c4 {[%clk 01:33:18]} {[%emt 00:00:35]} d6 {[%clk 01:33:34]} {[%emt 00:00:29]}
11. d5 {[%clk 01:33:24]} {[%emt 00:00:24]} O-O {[%clk 01:33:36]} {[%emt
00:00:28]} 12. Nd4 {[%clk 01:32:52]} {[%emt 00:01:03]} Qg5 {[%clk 01:33:13]}
{[%emt 00:00:52]} 13. Nb5 {[%clk 01:30:29]} {[%emt 00:02:53]} Na6 {[%clk
01:30:07]} {[%emt 00:03:36]} 14. N1c3 {[%clk 01:29:17]} {[%emt 00:01:42]} c6
{[%clk 01:29:43]} {[%emt 00:00:54]} 15. Nxd6 {[%clk 01:28:57]} {[%emt
00:00:49]} Nc5 {[%clk 01:27:05]} {[%emt 00:03:08]} 16. dxe6 {[%clk 01:26:49]}
{[%emt 00:02:38]} fxe6 {[%clk 01:21:43]} {[%emt 00:05:52]} 17. Nxb7 {[%clk
01:26:32]} {[%emt 00:00:47]} Nxb7 {[%clk 01:22:01]} {[%emt 00:00:12]} 18. Rxe6
{[%clk 01:26:37]} {[%emt 00:00:25]} Qc5 {[%clk 01:17:55]} {[%emt 00:04:35]} 19.
Qe2 {[%clk 01:25:25]} {[%emt 00:01:43]} Nd6 {[%clk 01:15:58]} {[%emt 00:02:27]}
20. Re5 {[%clk 01:23:30]} {[%emt 00:02:25]} Qxc4 {[%clk 01:15:41]} {[%emt
00:00:46]} 21. Qc2 {[%clk 01:20:14]} {[%emt 00:03:46]} Rae8 {[%clk 01:12:28]}
{[%emt 00:03:44]} 22. Rh5 {[%clk 01:15:39]} {[%emt 00:05:05]} g6 {[%clk
01:09:44]} {[%emt 00:03:14]} 23. b3 {[%clk 01:13:17]} {[%emt 00:02:53]} Qe6
{[%clk 01:09:24]} {[%emt 00:00:49]} 24. Kf1 {[%clk 01:05:00]} {[%emt 00:08:48]}
gxh5 {[%clk 01:09:22]} {[%emt 00:00:31]} 25. Qd3 {[%clk 01:04:44]} {[%emt
00:00:47]} Qe3 {[%clk 01:07:51]} {[%emt 00:02:01]} 26. Qc2 {[%clk 01:01:10]}
{[%emt 00:04:04]} Ne4 {[%clk 01:05:59]} {[%emt 00:02:22]} 27. Nxe4 {[%clk
01:00:19]} {[%emt 00:01:22]} Rxe4 {[%clk 01:05:33]} {[%emt 00:00:56]} 28. Rd1
{[%clk 01:00:08]} {[%emt 00:00:40]} Ref4 {[%clk 01:04:14]} {[%emt 00:01:49]}
29. Rd2 {[%clk 00:59:55]} {[%emt 00:00:44]} Qe5 {[%clk 01:01:49]} {[%emt
00:02:54]} 30. Re2 {[%clk 00:58:49]} {[%emt 00:01:37]} Qa1+ {[%clk 01:00:46]}
{[%emt 00:01:33]} 31. Re1 {[%clk 00:58:55]} {[%emt 00:00:24]} Rxf2+ {[%clk
01:01:02]} {[%emt 00:00:13]} 0-1

[Event "ODJM C 2023"]
[Site "Willingen GER"]
[Date "2023.05.29"]
[Round "3"]
[White "Hendricks, Ole"]
[Black "Hellmann, Alexander"]
[Result "1/2-1/2"]
[Termination "normal"]
[Board "23"]
[WhiteElo "1263"]
[BlackElo "1156"]
[WhiteClock "00:29:37"]
[BlackClock "01:05:30"]
[PlyCount "89"]
[WhiteFideId "34660488"]
[BlackFideId "34612050"]
[EventCountry "GER"]
[EventRounds "9"]
[EventType "swiss"]
[EventDate "2023.05.27"]

1. e4 {[%clk 01:30:58]} {[%emt 00:00:02]} e5 {[%clk 01:30:52]} {[%emt
00:00:08]} 2. Nf3 {[%clk 01:31:22]} {[%emt 00:00:05]} Nc6 {[%clk 01:31:15]}
{[%emt 00:00:07]} 3. Bc4 {[%clk 01:31:46]} {[%emt 00:00:06]} Bc5 {[%clk
01:31:39]} {[%emt 00:00:07]} 4. d3 {[%clk 01:31:25]} {[%emt 00:00:50]} Nf6
{[%clk 01:31:53]} {[%emt 00:00:17]} 5. O-O {[%clk 01:31:17]} {[%emt 00:00:38]}
O-O {[%clk 01:31:47]} {[%emt 00:00:36]} 6. Re1 {[%clk 01:30:38]} {[%emt
00:01:08]} d6 {[%clk 01:31:10]} {[%emt 00:01:08]} 7. c3 {[%clk 01:30:42]}
{[%emt 00:00:26]} Be6 {[%clk 01:30:59]} {[%emt 00:00:41]} 8. Bb3 {[%clk
01:31:01]} {[%emt 00:00:12]} Qe7 {[%clk 01:30:34]} {[%emt 00:00:54]} 9. Nbd2
{[%clk 01:31:07]} {[%emt 00:00:23]} Rad8 {[%clk 01:29:21]} {[%emt 00:01:44]}
10. Nf1 {[%clk 01:30:29]} {[%emt 00:01:08]} h6 {[%clk 01:26:39]} {[%emt
00:03:12]} 11. Ng3 {[%clk 01:30:32]} {[%emt 00:00:27]} Ng4 {[%clk 01:24:41]}
{[%emt 00:02:27]} 12. Re2 {[%clk 01:29:31]} {[%emt 00:01:31]} Rd7 {[%clk
01:22:23]} {[%emt 00:02:48]} 13. d4 {[%clk 01:23:27]} {[%emt 00:06:35]} exd4
{[%clk 01:22:41]} {[%emt 00:00:12]} 14. cxd4 {[%clk 01:23:31]} {[%emt
00:00:25]} Bxb3 {[%clk 01:21:31]} {[%emt 00:01:41]} 15. Qxb3 {[%clk 01:23:46]}
{[%emt 00:00:15]} Nxd4 {[%clk 01:20:42]} {[%emt 00:01:19]} 16. Nxd4 {[%clk
01:23:41]} {[%emt 00:00:34]} Bxd4 {[%clk 01:20:37]} {[%emt 00:00:35]} 17. Qxb7
{[%clk 01:23:39]} {[%emt 00:00:32]} Rdd8 {[%clk 01:17:18]} {[%emt 00:03:49]}
18. Rb1 {[%clk 01:16:16]} {[%emt 00:07:54]} Rb8 {[%clk 01:16:13]} {[%emt
00:01:32]} 19. Qd5 {[%clk 01:15:12]} {[%emt 00:01:35]} Qe5 {[%clk 01:15:27]}
{[%emt 00:01:16]} 20. Qxe5 {[%clk 01:07:14]} {[%emt 00:08:29]} Bxe5 {[%clk
01:14:52]} {[%emt 00:01:06]} 21. h3 {[%clk 01:01:43]} {[%emt 00:06:01]} Nf6
{[%clk 01:15:03]} {[%emt 00:00:19]} 22. b3 {[%clk 01:01:40]} {[%emt 00:00:32]}
Bxg3 {[%clk 01:15:05]} {[%emt 00:00:29]} 23. fxg3 {[%clk 01:00:40]} {[%emt
00:01:28]} Rfe8 {[%clk 01:15:14]} {[%emt 00:00:23]} 24. e5 {[%clk 00:56:04]}
{[%emt 00:05:07]} Rxe5 {[%clk 01:15:08]} {[%emt 00:00:36]} 25. Rxe5 {[%clk
00:56:29]} {[%emt 00:00:05]} dxe5 {[%clk 01:15:24]} {[%emt 00:00:14]} 26. Bb2
{[%clk 00:56:03]} {[%emt 00:00:55]} Rb5 {[%clk 01:15:04]} {[%emt 00:00:51]} 27.
Rc1 {[%clk 00:55:02]} {[%emt 00:01:31]} Ne8 {[%clk 01:13:58]} {[%emt 00:01:36]}
28. Kf2 {[%clk 00:53:49]} {[%emt 00:01:43]} f6 {[%clk 01:14:19]} {[%emt
00:00:10]} 29. h4 {[%clk 00:49:18]} {[%emt 00:05:01]} Kf7 {[%clk 01:13:43]}
{[%emt 00:01:06]} 30. Ke3 {[%clk 00:47:51]} {[%emt 00:01:56]} Rd5 {[%clk
01:13:32]} {[%emt 00:00:42]} 31. Rc6 {[%clk 00:46:47]} {[%emt 00:01:34]} Rd6
{[%clk 01:12:51]} {[%emt 00:01:12]} 32. Rc1 {[%clk 00:46:40]} {[%emt 00:00:36]}
Ke6 {[%clk 01:12:19]} {[%emt 00:01:03]} 33. g4 {[%clk 00:44:11]} {[%emt
00:02:58]} Ra6 {[%clk 01:09:31]} {[%emt 00:03:17]} 34. a3 {[%clk 00:44:07]}
{[%emt 00:00:36]} Kd5 {[%clk 01:09:15]} {[%emt 00:00:46]} 35. Rd1+ {[%clk
00:42:25]} {[%emt 00:02:12]} Ke6 {[%clk 01:09:19]} {[%emt 00:00:26]} 36. Rc1
{[%clk 00:42:26]} {[%emt 00:00:29]} Rd6 {[%clk 01:07:27]} {[%emt 00:02:23]} 37.
Ba1 {[%clk 00:34:48]} {[%emt 00:08:08]} Kd7 {[%clk 01:07:35]} {[%emt 00:00:21]}
38. Bc3 {[%clk 00:32:05]} {[%emt 00:03:12]} Rc6 {[%clk 01:07:37]} {[%emt
00:00:30]} 39. Rd1+ {[%clk 00:32:27]} {[%emt 00:00:08]} Nd6 {[%clk 01:07:39]}
{[%emt 00:00:27]} 40. Bb4 {[%clk 00:30:38]} {[%emt 00:02:19]} Rc2 {[%clk
01:07:16]} {[%emt 00:00:53]} 41. g3 {[%clk 00:30:54]} {[%emt 00:00:14]} Kc6
{[%clk 01:05:14]} {[%emt 00:02:32]} 42. Rd3 {[%clk 00:30:06]} {[%emt 00:01:18]}
Rg2 {[%clk 01:04:51]} {[%emt 00:00:52]} 43. Kf3 {[%clk 00:29:26]} {[%emt
00:01:11]} e4+ {[%clk 01:05:10]} {[%emt 00:00:10]} 44. Kxg2 {[%clk 00:29:29]}
{[%emt 00:00:27]} exd3 {[%clk 01:05:30]} {[%emt 00:00:10]} 45. Kf3 {[%clk
00:29:37]} {[%emt 00:00:21]} 1/2-1/2